000 01417nam a22002777a 4500
001 EPSA 0260
003 gtcocun
005 20250919164812.0
006 a||||gr|||| 00| 0
007 ta
008 250919b2023 gt ||||| m||| 00| 0 eng d
040 _agtcocun
_bSPA
_cgtcocun
_eRDA
041 _aSPA EPSA 0260
084 _0EPSA 0260
100 _aToribio Rodríguez, Cecilia Teresa
_eAutor
245 _aINFORME FINAL DEL EJERCICIO PROFESIONAL SUPERVISADO REALIZADO EN LA COORDINACIÓN DDE LA CARRERA DE MÉDICO Y CIRUJANO DEL CENTRO UNIVERSITARIO DEL NORTE (CUNOR), COBÁN, ALTA VERAPAZ./
_cCecilia Teresa Toribio Rodríguez.
_hImpreso
264 _aCobán, Alta Verapaz:
_bUniversidad de San Carlos de Guatemala, Centro Universitario del Norte, Licenciatura en Administración de Empresas
_c2023
300 _a47 p.:
_bIlustraciones, gráficas.
_c28 cm;
502 _eEPSA 0260
502 _aEjercicio Profesional Supervisado
_bLicenciatura en Administración de Empresas,
_cUniversidad de San Carlos de Guatemala, Centro Universitario del Norte, Licenciatura en Administración de Empresas
_d2023
_oEPSA 0260
650 1 4 _2LEMB
_aCobán, Alta Verapaz.
_xAdministración
_xDiagnóstico
_xDiagramas de flujo
_xManual
_xProcedimientos
700 _eAsesor
856 _uSin archivo en línea.
_zSin archivo en línea.
942 _2ddc
_cTES
_iEPSA 0260
_kClasificación
_n0
_6EPSA_0260_000000000000000
999 _c1985
_d1985